| 000 | 02323nam a2200529 i 4500 | ||
|---|---|---|---|
| 001 | 34513 | ||
| 003 | KOSZ 005 | ||
| 005 | 20240405063104.0 | ||
| 008 | 981105s1998 pl a |000 0 pol | ||
| 015 | _aPB 1999/927 | ||
| 040 |
_aWA N _cWA N _dKOSZ 005/HR |
||
| 041 | 0 |
_apol _beng |
|
| 046 | _k1998 | ||
| 080 | _a658.1/.5(438) | ||
| 080 | _a005.33 | ||
| 080 | _a66/69(438) | ||
| 080 | _a338.24.021.8(438) | ||
| 100 | 1 |
_aMalara, Zbigniew _d(1951- ) _eAutor |
|
| 245 | 1 | 0 |
_aMetodyka dokonywania zmian restrukturyzacyjnych w obszarze organizacji i zarządzania przedsiębiorstw / _cZbigniew Malara. |
| 246 | 1 | 3 | _aMethods of accomplishing restructuring of industrial enterprises organization and management systems. |
| 260 |
_aWrocław : _bOficyna Wydawnicza PW, _c1998. |
||
| 300 |
_a127 s. : _bwykr. ; _c24 cm. |
||
| 336 |
_2rdacontent _aTekst _btxt |
||
| 337 |
_2rdamedia _aBez urządzenia pośredniczącego _bn |
||
| 338 |
_2rdacarrier _aWolumin _bnc |
||
| 380 | _aKsiążki | ||
| 388 | _a1901-2000 | ||
| 388 | _a1989-2000 | ||
| 490 | 1 |
_aPrace Naukowe Instytutu Organizacji i Zarządzania Politechniki Wrocławskiej. Monografie = _aScientific Papers of the Institute of Industrial Engineering and Management of the Technical University of Wrocław. Monographs, _x0324-9492 ; _v30. |
|
| 500 | _aTyt. równol. : Methods of accomplishing restructuring of industrial enterprises organization and management systems. - Numeracja serii gł. : 67. | ||
| 504 | _aBibliogr. s. 118-123. | ||
| 546 | _aStreszcz. ang. | ||
| 648 | 7 | _a1901-2000 | |
| 648 | 7 | _a1989-2000 | |
| 650 | 4 | _aOrganizacja | |
| 650 | 4 | _aRestrukturyzacja przedsiębiorstwa | |
| 650 | 4 | _aZarządzanie zmianą | |
| 651 | 4 | _aDolny Śląsk | |
| 651 | 4 | _aPolska | |
| 658 | _aGospodarka, ekonomia, finanse | ||
| 658 | _aZarządzanie i marketing | ||
| 710 | 2 |
_aOficyna Wydawnicza Politechniki Wrocławskiej _4pbl. |
|
| 830 | 0 |
_aPrace Naukowe Instytutu Organizacji i Zarządzania Politechniki Wrocławskiej _v67 |
|
| 830 | 0 |
_aPrace Naukowe Instytutu Organizacji i Zarządzania Politechniki Wrocławskiej. _pMonografie _v30 |
|
| 856 |
_uhttp://koha.tu.koszalin.pl/cgi-bin/koha/opac-detail.pl?biblionumber=34513 _yKatalog online BPK |
||
| 942 |
_2UKD _cKS |
||
| 999 |
_c34513 _d34513 |
||